History Quiz

Random History or Century Quiz

20th Century History: January Quiz Stats

 Plays Quiz Updated Feb 21, 2019

Score 0/100 Timer 20:00
1 Play Today
Year Answer % Correct
1901Victoria
91%
1914Ford Motor Company
86.1%
1961Cuba
83.7%
1904SOS
82.5%
1906Persia
82.5%
1959Fidel Castro
82.3%
1933Adolf Hitler
82.3%
1937Franklin D. Roosevelt
82%
1909Italy
81.9%
1916Paris
81.4%
1999Euro
80.6%
1953Dwight D. Eisenhower
80.5%
1934Poland
80.4%
1925Oslo
80.4%
1948Mohandas Gandhi
80.4%
1960John F. Kennedy
80.4%
1964Smoking
80.3%
1924Vladimir Lenin
79.7%
1915Suez Canal
79.5%
1991Norway
78.9%
1908Antarctica
78.9%
1996France
78.5%
1935FBI
77.2%
1947Al Capone
77.2%
1921Winston Churchill
77.1%
1952Polio
77.1%
1938Madrid
76.1%
1966Ku Klux Klan
76.1%
1929Mother Teresa
75.8%
1919Versailles
75.3%
1975Sweden
75.2%
1917USA
75.2%
1977Jimmy Carter
74.7%
1950Hydrogen bomb
73.8%
Year Answer % Correct
1918Woodrow Wilson
73.4%
1939Amelia Earhart
73.3%
1981Mao Zedong
72.7%
1969Venus
72.6%
1911Canberra
72.3%
1951Seoul
72.3%
1931Thomas Edison
72.2%
1990Panama
71.2%
1946London
71.1%
1945Auschwitz-Birkenau
69.9%
1965Hindi
69.9%
1992Yugoslavia
69.7%
1995O. J. Simpson
69.2%
1912China
68.9%
1907Jamaica
68.2%
1982Virus
67.8%
2000AOL
67.3%
1984Macintosh
67.2%
1986Challenger
67%
1993Czechoslovakia
66.2%
1979Pol Pot
65.4%
1922Ireland
65.4%
1943Warsaw
64.8%
1971Idi Amin
64.7%
1980Mafia
64.5%
1930League of Nations
63.7%
1963Charles de Gaulle
63.5%
1989Hirohito
63.5%
1903India
63.3%
1926Deutsche Lufthansa
62.7%
1905Trans-Siberian Railway
61.4%
1927Nicaragua
61.2%
1983Internet
60.6%
1987Inuit
60.5%
Year Answer % Correct
1958Sputnik 1
59.3%
1955USSR
59.1%
1994Boris Yeltsin
58.1%
1998Unabomber
57.8%
1942Philippines
57.4%
1902Boxer Rebellion
57%
1928Leon Trotsky
56.8%
1985Greenland
56.7%
1957Sinai
55.2%
1936Ethiopia
54.5%
1968Tet Offensive
52.3%
1962Dominican Republic
51%
1997Madeleine Albright
50.8%
1913Ottoman Empire
50.8%
1920Netherlands
50.5%
1967Romania
50.5%
1974Turkey
47.5%
1978Augusto Pinochet
45.4%
1973Ferdinand Marcos
43.2%
1940Hermann Göring
42.8%
1972Space Shuttle
40.7%
1944Marshall Islands
37.1%
1988Perestroika
36.9%
1910Constantinople
36.8%
1970Nigeria
36%
1956Palestine
34.4%
1932Chiang Kai-shek
32.4%
1949David Ben-Gurion
32.2%
1941Italian East Africa
20.8%
1954USS Nautilus
20.5%
1923Ruhr area
18.1%
1976Rote Armee Fraktion
12%

You're not logged in!

Compare scores with friends on all Sporcle quizzes.
OR
Log In

Sporcle TV

Today on Sporcle TV


Watch our educational content, quiz creation guides, and fun videos on Sporcle TV.

Show Comments

Extras

Top Quizzes Today


Score Distribution

Your Account Isn't Verified!

In order to create a playlist on Sporcle, you need to verify the email address you used during registration. Go to your Sporcle Settings to finish the process.

Report this User

Report this user for behavior that violates our Community Guidelines.

Details: